[Event "Challenge"]
[Site "http://www.queenalice.com/game.php?id=1309619"]
[Date "2014.9.21"]
[Round "-"]
[White "santanacampos"]
[Black "voto39"]
[Result "0-1"]
[WhiteElo "1703"]
[BlackElo "1928"]

1. e4 c5 2. e5 Nc6 3. Nf3 d5 4. exd6 Qxd6 5. Be2 Nf6 6. O-O Bg4 7. d3 e6 8. c4
Be7 9. b3 Bxf3 10. Bxf3 Qd4 11. Bxc6+ bxc6 12. Qf3 Rc8 13. Bg5 Qxa1 14. Nd2 Qe5
15. Bxf6 Bxf6 16. Ne4 Be7 17. a4 O-O 18. Re1 f5 19. Nf6+ Qxf6 20. g3 Rfd8 21. h4
Rd6 22. Qe3 Qd4 23. Qe5 Qxe5 24. Rxe5 Rxd3 25. Rxe6 Kf7 26. Re5 Kf6 27. Re2 Bd6
28. Rb2 Rb8 29. a5 Be5 30. a6 Rdxb3 31. Ra2 Bd4 32. h5 Rxg3+ 0-1

[Event "Challenge"]
[Site "http://www.queenalice.com/game.php?id=1313603"]
[Date "2014.10.9"]
[Round "-"]
[White "filomenos"]
[Black "voto39"]
[Result "0-1"]
[WhiteElo "2014"]
[BlackElo "1935"]

1. d4 d5 2. g3 Nf6 3. Bg2 Bf5 4. Nf3 e6 5. Bg5 Be7 6. c3 c6 7. Nbd2 Nbd7 8. O-O
O-O 9. Nb3 h6 10. Bxf6 Bxf6 11. Nfd2 g6 12. e4 dxe4 13. Nxe4 Bg7 14. Nd6 Qc7 15.
Ne4 Nb6 16. Nbc5 Rad8 17. Qc1 e5 18. Nb3 Rfe8 19. dxe5 Rxe5 20. Re1 Rde8 21. f3
Nc4 22. Nd4 Nd6 23. Qd2 Bxe4 24. fxe4 Nxe4 25. Qc2 Nc5 26. Rxe5 Qxe5 27. Nf3
Qe3+ 28. Kh1 Nd3 29. Rf1 Re7 30. Qd2 Qxd2 31. Nxd2 Nxb2 32. c4 Nd3 33. Nb3 Re2
34. Rd1 Nf2+ 35. Kg1 Nxd1 36. Nc5 Bd4+ 37. Kh1 Re1+ 0-1

[Event "Challenge"]
[Site "http://www.queenalice.com/game.php?id=1313615"]
[Date "2014.10.9"]
[Round "-"]
[White "voto39"]
[Black "filomenos"]
[Result "1-0"]
[WhiteElo "1954"]
[BlackElo "1977"]

1. d4 d5 2. c4 c6 3. Nf3 g6 4. e3 Nf6 5. Nc3 Bg7 6. Bd3 Bg4 7. h3 Bxf3 8. Qxf3
dxc4 9. Bxc4 O-O 10. O-O Nbd7 11. Bb3 Nb6 12. Rd1 e6 13. e4 Nfd7 14. Bf4 Qe7 15.
Qg3 Qe8 16. Bd6 Rd8 17. Bxf8 Qxf8 18. d5 cxd5 19. exd5 exd5 20. Bxd5 Nxd5 21.
Rxd5 Bxc3 22. Qxc3 Nb6 23. Rxd8 Qxd8 24. Re1 a6 25. Re5 h5 26. Rc5 Qd1+ 27. Kh2
Qd6+ 28. g3 Qe6 29. Re5 Qd7 30. Qe3 Kg7 31. Qxb6 Qc8 32. Re7 Qc2 33. Rxb7 Qd2
34. Qa7 Qd5 35. Qxa6 Qc5 36. Qa7 Qf5 37. h4 Qf6 38. a4 Qf5 39. a5 Qd5 40. a6 Qf5
41. Qb6 Kg8 42. a7 1-0

[Event "Challenge"]
[Site "http://www.queenalice.com/game.php?id=1334864"]
[Date "2015.1.15"]
[Round "-"]
[White "ORNELAS"]
[Black "voto39"]
[Result "1-0"]
[WhiteElo "1761"]
[BlackElo "1942"]

1. Nf3 d5 2. d4 c6 3. Bg5 Nd7 4. c3 Ngf6 5. Ne5 g6 6. Bxf6 Nxf6 7. Qd2 Ne4 8.
Qf4 Be6 9. Nd2 Nxd2 10. Qxd2 Bg7 11. Qf4 a5 12. a4 Qb6 13. g3 Qxb2 14. Rc1 h5
15. Bg2 Bh6 16. Nxf7 Bxf4 17. O-O Bxc1 18. Nxh8 Bf5 19. e3 Qc2 20. h4 1-0

[Event "Challenge"]
[Site "http://www.queenalice.com/game.php?id=1338847"]
[Date "2015.2.2"]
[Round "-"]
[White "voto39"]
[Black "jorm"]
[Result "1-0"]
[WhiteElo "1953"]
[BlackElo "1910"]

1. e4 e5 2. f4 exf4 3. Nf3 d6 4. d4 g5 5. Bc4 h6 6. O-O Nd7 7. Nc3 Nb6 8. Bb3 a6
9. Qe2 Bg7 10. e5 d5 11. Na4 Nxa4 12. Bxa4+ c6 13. c3 Be6 14. Ne1 Ne7 15. Bc2 h5
16. Nd3 b6 17. Bd2 Nf5 18. Rad1 Nh4 19. Be1 Bg4 20. Qd2 Bxd1 21. Qxd1 f3 22.
gxf3 Qe7 23. Kh1 Nf5 24. Qe2 h4 25. Nb4 Ng3+ 26. hxg3 hxg3+ 27. Kg1 Rh3 28. Qg2
Rh5 29. Nxc6 Qe6 30. Nb4 b5 31. Bxg3 O-O-O 32. f4 Rdh8 33. Nxd5 f5 34. Bxf5 Re8
35. Bxe6+ Rxe6 36. f5 Re8 37. f6 Bf8 38. Qf3 Rh6 39. Qf5+ Kd8 40. e6 1-0

[Event "Challenge"]
[Site "http://www.queenalice.com/game.php?id=1347326"]
[Date "2015.3.14"]
[Round "-"]
[White "tucuman"]
[Black "voto39"]
[Result "0-1"]
[WhiteElo "1516"]
[BlackElo "1951"]

1. b3 e5 2. Bb2 Nc6 3. d3 d5 4. e3 Bd6 5. Ne2 f5 6. g3 Nf6 7. Bg2 Be6 8. Nd2 Qd7
9. h3 a6 10. O-O O-O 11. e4 fxe4 12. dxe4 dxe4 13. Nxe4 Nxe4 14. c4 Nf6 15. Re1
Bxh3 16. Bxh3 Qxh3 17. Qd3 Ng4 18. Qd5+ Kh8 19. Qg2 Qxg2+ 20. Kxg2 Rxf2+ 21. Kh3
h5 22. Kh4 g6 23. Bc1 Be7+ 24. Bg5 Rh2# 0-1

[Event "Challenge"]
[Site "http://www.queenalice.com/game.php?id=1356711"]
[Date "2015.5.1"]
[Round "-"]
[White "tucuman"]
[Black "voto39"]
[Result "0-1"]
[WhiteElo "1634"]
[BlackElo "1967"]

1. e4 c5 2. c4 d6 3. Nc3 Nc6 4. d3 Nf6 5. h3 g6 6. Nf3 Bg7 7. Be2 a6 8. O-O O-O
9. Bd2 e6 10. a3 Bd7 11. Bg5 Qc7 12. Bxf6 Bxf6 13. Rb1 Rab8 14. Qd2 b5 15. cxb5
axb5 16. Nd1 b4 17. Ne3 Rb7 18. Nc4 d5 19. exd5 exd5 20. Ne3 Qd6 21. axb4 Rxb4
22. b3 Rfb8 23. Qc2 Na5 24. Ra1 Bxa1 25. Rxa1 Nxb3 26. Rb1 Nd4 27. Nxd4 Rxb1+
28. Nf1 cxd4 29. Qd2 R8b2 30. Qa5 Rxe2 31. Qd8+ Kg7 32. Qg5 Ree1 33. g3 Bxh3 34.
Kh2 Bxf1 0-1

[Event "Challenge"]
[Site "http://www.queenalice.com/game.php?id=1366685"]
[Date "2015.6.20"]
[Round "-"]
[White "green60"]
[Black "voto39"]
[Result "1-0"]
[WhiteElo "2089"]
[BlackElo "1943"]

1. e4 c5 2. Nf3 d6 3. d4 cxd4 4. Nxd4 Nf6 5. Nc3 a6 6. Be3 e6 7. g4 h6 8. Bg2
Qc7 9. h4 Nc6 10. f4 Qb6 11. Rb1 Qc7 12. g5 hxg5 13. hxg5 Rxh1+ 14. Bxh1 Nd7 15.
a3 1-0

[Event "Challenge"]
[Site "http://www.queenalice.com/game.php?id=1366687"]
[Date "2015.6.20"]
[Round "-"]
[White "voto39"]
[Black "acid"]
[Result "0-1"]
[WhiteElo "1970"]
[BlackElo "2693"]

1. d4 Nf6 2. c4 e6 3. Nf3 b6 4. e3 Be7 5. Bd3 d5 6. Nbd2 c5 7. cxd5 exd5 8. O-O
c4 9. Bc2 O-O 10. Ne5 Bb7 11. f4 b5 12. a3 Nc6 0-1

[Event "Challenge"]
[Site "http://www.queenalice.com/game.php?id=1369476"]
[Date "2015.7.4"]
[Round "-"]
[White "tucuman"]
[Black "voto39"]
[Result "1-0"]
[WhiteElo "1743"]
[BlackElo "1968"]

1. e4 c5 2. c4 Nc6 3. Nc3 g6 4. d3 Bg7 5. Bd2 Nf6 6. Nf3 O-O 7. Be2 d6 8. a3 a6
9. h3 e6 10. Bg5 Qc7 11. Bxf6 Bxf6 12. O-O b6 13. Rb1 1-0

[Event "Challenge"]
[Site "http://www.queenalice.com/game.php?id=1495920"]
[Date "2017.9.22"]
[Round "-"]
[White "stefan67"]
[Black "voto39"]
[Result "0-1"]
[WhiteElo "2035"]
[BlackElo "1933"]

1. e4 c5 2. f4 e6 3. Nc3 a6 4. Nf3 d5 5. d3 d4 6. Ne2 Nf6 7. Ng3 Be7 8. Be2 Nc6
9. O-O O-O 10. c3 Ne8 11. cxd4 cxd4 0-1

[Event "Challenge"]
[Site "http://www.queenalice.com/game.php?id=1597843"]
[Date "2020.1.30"]
[Round "-"]
[White "voto39"]
[Black "dogxadrez"]
[Result "0-1"]
[WhiteElo "1953"]
[BlackElo "2035"]

1. e4 e5 2. Nc3 Nf6 3. f4 d5 4. fxe5 Nxe4 5. Nf3 a6 6. d3 Be7 7. dxe4 dxe4 8.
Qxd8+ Bxd8 9. Nxe4 Nc6 10. Bg5 Bxg5 11. Nexg5 O-O 12. Bd3 h6 13. Ne4 Re8 14. O-O
Nxe5 15. Nxe5 Rxe5 16. Rae1 Bd7 0-1